Doctrina y contaminación ambiental (Registro nro. 9099)

Detalles MARC
000 -LEADER
fixed length control field 00372 a2200121 4500
001 - CONTROL NUMBER
control field ART_7496
005 - DATE AND TIME OF LATEST TRANSACTION
control field 20260410161554.0
008 - FIXED-LENGTH DATA ELEMENTS--GENERAL INFORMATION
fixed length control field 260409a
100 1# - MAIN ENTRY--PERSONAL NAME
Personal name Pahlen Acuña, Ricardo Jose María
245 10 - TITLE STATEMENT
Title Doctrina y contaminación ambiental
700 1# - ADDED ENTRY--PERSONAL NAME
Personal name Campo, Ana María
773 0# - HOST ITEM ENTRY
Title Profesional & Empresaria
Related parts - Año IX. Nº 99 (dic. 2007)
Record control number REV70

No hay ítems disponibles.